| 000 | 01529nam a22002177a 4500 | ||
|---|---|---|---|
| 005 | 20230103091925.0 | ||
| 008 | 230103b ||||| |||| 00| 0 eng d | ||
| 040 | _cAL | ||
| 041 | _aeng | ||
| 082 |
_223 _a363.2 _bMAAS |
||
| 100 |
_aPeter Maas _968139 |
||
| 245 | _aSerpico | ||
| 260 |
_a23 _b363.2 _cMAAS |
||
| 300 |
_a313p. _bPB _c18x10cm. |
||
| 365 | _2English | ||
| 520 | _aTHE CLASSIC TRUE STORY OF THE COP WHO COULDN'T BE BOUGHT "I don't think anyone can come away from Serpico without admiration for one man's lonely integrity." —New York Times With an Afterword by Frank Serpico The 1960s was a time of social and generational upheaval felt with particular intensity in the melting pot of New York City. A culture of corruption pervaded the New York Police Department, where payoffs, protection, and shakedowns of gambling rackets and drug dealers were common practice. The so-called blue code of silence protected the minority of crooked cops from the sanction of the majority. Into this maelstrom came a working class, Brooklyn-born, Italian cop with long hair, a beard, and a taste for opera and ballet. Frank Serpico was a man who couldn't be silenced—or bought—and he refused to go along with the system. He had sworn an oath to uphold the law, even if the perpetrators happened to be other cops. For this unwavering commitment to justice, Serpico nearly paid with his life. | ||
| 650 |
_aPolice Corruption _968140 |
||
| 650 |
_aNew York _968141 |
||
| 700 |
_aMAAS (Peter) _968142 |
||
| 942 |
_2ddc _cDB |
||
| 999 |
_c226165 _d226165 |
||